載入...
Nayee kahani nayee prasne /
| 主要作者: | |
|---|---|
| 格式: | Printed Book |
| 語言: | Hindi |
| 出版: |
Sahithyalokh ,
1981.
|
| 主題: |
| LEADER | 00493nam a2200145Ia 4500 | ||
|---|---|---|---|
| 008 | 150624b xxu||||| |||| 00| 1 hin d | ||
| 082 | |a 863.7109 | ||
| 100 | |a Santhbarsha Singh | ||
| 245 | |c Santhbarsha Singh |a Nayee kahani nayee prasne / | ||
| 260 | |b Sahithyalokh , |c 1981. | ||
| 546 | |a In Hindi. | ||
| 650 | |v Fiction | ||
| 942 | |c BK | ||
| 999 | |c 91392 |d 91392 | ||
| 952 | |0 1 |1 0 |4 2 |6 863_710900000000000_SIN_N_H |7 0 |9 91334 |a UL |b UL |c ST1 |d 1998-09-15 |l 2 |o 863.7109 SIN/N H |p 50908 |r 2012-12-04 |s 2012-11-12 |w 2012-10-27 |y BK | ||